| 000 | 00782nmc a2200289 a 4500 | ||
|---|---|---|---|
| 003 | AR-BaBNM | ||
| 005 | 20251128210355.0 | ||
| 008 | 020020s1995 ||||||||||||||000 | spa|| | ||
| 020 | _a950-9413-62-3 | ||
| 040 | _cAR-BaBNM | ||
| 100 | 1 | _aMelville, Herman | |
| 245 | 1 | 0 |
_aTypee _buna mirada a la vida polinesia |
| 260 |
_aBuenos Aires _bEdiciones del Sol _c1995 |
||
| 300 | _a286 p. | ||
| 490 | 0 | _aLa línea de sombra. Verde | |
| 650 | 4 | _aLITERATURA ESTADOUNIDENSE | |
| 650 | 4 | _aESCRITORES | |
| 650 | 4 | _aNOVELAS | |
| 650 | 4 | _aLITERATURA EXTRANJERA | |
| 653 | _aNARRATIVA | ||
| 653 | _aLITERATURA DE VIAJES | ||
| 655 | _aLITERATURA | ||
| 700 | 1 |
_aSánchez Oliva, Nelson Luis _etraductor |
|
| 800 | 1 |
_aColombres, Adolfo _edirector |
|
| 942 | _cBK | ||
| 998 | _cMARTIN | ||
| 999 |
_c15202 _d15202 |
||